Algunos espectros orientales / (Registro nro. 15605)
[ vista simple ]
| 000 -LEADER | |
|---|---|
| fixed length control field | 01496nam a22003137a 4500 |
| 003 - CONTROL NUMBER IDENTIFIER | |
| control field | OSt |
| 005 - DATE AND TIME OF LATEST TRANSACTION | |
| control field | 20250820142322.0 |
| 008 - FIXED-LENGTH DATA ELEMENTS--GENERAL INFORMATION | |
| fixed length control field | 210915b2011 ck a|||jr|||| 00| 0dspa d |
| 020 ## - INTERNATIONAL STANDARD BOOK NUMBER | |
| International Standard Book Number | 9789589993583 |
| 040 ## - CATALOGING SOURCE | |
| Original cataloging agency | CO-JMCR |
| Transcribing agency | CO-JMCR |
| 041 0# - LANGUAGE CODE | |
| Language code of text/sound track or separate title | spa |
| 082 04 - DEWEY DECIMAL CLASSIFICATION NUMBER | |
| Classification number | J-C |
| Item number | HEAa |
| Edition number | 23 |
| 100 1# - MAIN ENTRY--PERSONAL NAME | |
| Personal name | Hearn, Lafcadio, |
| Relator term | autor |
| 9 (RLIN) | 40480 |
| 245 10 - TITLE STATEMENT | |
| Title | Algunos espectros orientales / |
| Statement of responsibility, etc. | Lafcadio Hearn ; selección, traducción e introducción de Julio Paredes |
| 250 ## - EDITION STATEMENT | |
| Edition statement | Primera edición |
| 260 ## - PUBLICATION, DISTRIBUTION, ETC. | |
| Place of publication, distribution, etc. | Bogotá : |
| Name of publisher, distributor, etc. | Alcaldía Mayor de Bogotá : Secretaría Distrital de Cultura, Recreación y Deporte : Instituto Distrital de las Artes-Idartes, |
| Date of publication, distribution, etc. | 2011 |
| 300 ## - PHYSICAL DESCRIPTION | |
| Extent | 86 páginas : |
| Other physical details | ilustraciones a blanco y negro ; |
| Dimensions | 17 cm. |
| 490 0# - SERIES STATEMENT | |
| Series statement | Libro al viento ; |
| Volume/sequential designation | 81 |
| 500 ## - GENERAL NOTE | |
| General note | Incluye notas a pie de página y datos biográficos del autor. |
| 505 0# - FORMATTED CONTENTS NOTE | |
| Formatted contents note | El secreto de la muerta -- Oshidori -- Jikininki -- Ubazakura -- Diplomacia -- El sueño de Akinosuké -- La doncella del espejo -- La historia de Kogi el sacerdote -- El espíritu de la gran campana -- La historia de Ming-y -- Aullido -- Furisodé -- Una historia de adivinación |
| 650 14 - SUBJECT ADDED ENTRY--TOPICAL TERM | |
| Topical term or geographic name entry element | Cuentos japoneses |
| Chronological subdivision | Siglo xix |
| 9 (RLIN) | 40481 |
| 650 24 - SUBJECT ADDED ENTRY--TOPICAL TERM | |
| Topical term or geographic name entry element | Literatura japonesa |
| Chronological subdivision | Siglo xix |
| 9 (RLIN) | 40482 |
| 650 24 - SUBJECT ADDED ENTRY--TOPICAL TERM | |
| Topical term or geographic name entry element | Muerte en la literatura |
| 9 (RLIN) | 954 |
| 650 24 - SUBJECT ADDED ENTRY--TOPICAL TERM | |
| Topical term or geographic name entry element | Secretos en la literatura |
| 9 (RLIN) | 40483 |
| 650 24 - SUBJECT ADDED ENTRY--TOPICAL TERM | |
| Topical term or geographic name entry element | Adivinación en la literatura |
| 9 (RLIN) | 40484 |
| 650 24 - SUBJECT ADDED ENTRY--TOPICAL TERM | |
| Topical term or geographic name entry element | Sueños en la literatura |
| 9 (RLIN) | 1789 |
| 700 1# - ADDED ENTRY--PERSONAL NAME | |
| Personal name | Paredes, Julio, |
| Relator term | traductor |
| 9 (RLIN) | 864 |
| 942 ## - ADDED ENTRY ELEMENTS (KOHA) | |
| Source of classification or shelving scheme | Dewey Decimal Classification |
| Koha item type | Books |
| Withdrawn status | Lost status | Source of classification or shelving scheme | Damaged status | Not for loan | Collection code | Home library | Current library | Date acquired | Source of acquisition | Total Checkouts | Total Renewals | Full call number | Barcode | Date last seen | Date last checked out | Copy number | Koha item type | Price effective from |
|---|---|---|---|---|---|---|---|---|---|---|---|---|---|---|---|---|---|---|
| Dewey Decimal Classification | Fiction | Biblioteca Pública José María del Castillo y Rada | Biblioteca Pública José María del Castillo y Rada | 08/04/2021 | Donación | 1 | 2 | J-C HEAa | 201811068 | 08/25/2022 | 07/08/2022 | Ej.2 | Books | |||||
| Dewey Decimal Classification | Fiction | Biblioteca Pública José María del Castillo y Rada | Biblioteca Pública José María del Castillo y Rada | 08/04/2021 | Donación | J-C HEAa | 201809016 | 11/17/2021 | Ej.1 | Books | 11/17/2021 |